LEADER 00652nam a2200169 i 4500 001 000000082328 003 CaOOAMICUS 005 20180702000000.0 008 180702s1863 xx u000 u fre u 013 $a54568 040 $aSeMil$bita 245 10$aTome 1. 300 $aXVI, 536 p., [1] c. di tav. ripieg. :$bill. 773 0 $aJamin, Jules-Célestin <1818-1886>$tCours de physique de l'École polytechnique.$b2. éd.$dParis : Mallet-Bachelier : [poi]... Gauthier-Villars, 1863-1869.$g1$w()12140 850 $aSeMil 852 $aSeMil$W1$xVenegono$y1$m3W IV 75 FA$j47375$B47375$CSeMilBibl$Z2$F49927 $8I 996 $6245$aTome 1$9(OLS)http://semarc/title/1447 LEADER 01316nam a2200289 i 4500 001 000000112541 003 CaOOAMICUS 005 20190625083903.0 008 170620s2017 it u000 u ita u 013 $a85225 020 $a978-88-6124-664-5 040 $aSeMil$bita 100 1 $aMilani, Lorenzo,$c.$0(OLS)http://semarc/name/17098 245 10$aLettera ai cappellani militari ; Lettera ai giudici /$cLorenzo Milani ; edizione critica e postfazione a cura di Sergio Tanzarella. 260 $aTrapani :$bIl pozzo di Giacobbe,$c2017. 300 $a161 p. ;$c20 cm. 490 0 $aIl pellicano ;$v4 650 4$aMilani, Lorenzo - Lettere e carteggi.$0(OLS)http://semarc/subject/20068 700 1 $aTanzarella, Sergio,$d<1959- >.$0(OLS)http://semarc/name/89122 830 3$aIl pellicano ;$v4.$0(OLS)http://semarc/title/404225 850 $aSeMil 852 $aSeMil$W1$xVenegono$y1$m1A VI 47$j68277$B68277$CSeMilBibl$Z2$F74255 $81 961 $aOmaggio: Perego don Stefano 996 $6020$a978-88-6124-664-5$9(OLS)http://semarc/number/273248 996 $6245$aLettera ai cappellani militari ; Lettera ai giudici$9(OLS)http://semarc/title/407559 996 $6260$aTrapani :$bIl pozzo di Giacobbe$9(OLS)http://semarc/publisher/31941